000 00896nam a2200265Ia 4500
003 OSt
005 20220930075811.0
006 a|||||r|||| 00| 0
007 ta
008 220926b |||||||| |||| 00| 0 eng d
024 _a83817
037 _cTheses
040 _aCRL
_cCRL
_beng
041 _2eng
_aeng
100 _aBaghel Indu
_938519
110 _aUniversity of Delhi. Faculty of Social Sciences and Humanities. Department of African Studies
_9537424
245 0 _aLocal administration in Angola during the Portuguese colonial rule
260 _c2004
300 _a228p.
_ap.
_ccm.
650 _aAFRICA - HISTORY
700 _a Dr. Jagdish Prasad Sharma Gu.
_9537425
700 _aUniversity of Delhi. Faculty of Social Sciences and Humanities. Department of African Studies
_9537426
942 _cDIS
_2CC
999 _c868822
_d868822